<?xml version="1.0" encoding="UTF-8"?>
<marc:record xmlns:marc="http://www.loc.gov/MARC21/slim">
   <marc:leader>00000nam a2200000 a 4500</marc:leader>
   <marc:datafield ind1="1" ind2=" " tag="100">
      <marc:subfield code="a">Osborne, Mary Pope</marc:subfield>
      <marc:subfield code="4">aut</marc:subfield>
      <marc:subfield code="e">Verfasser/-in</marc:subfield>
   </marc:datafield>
   <marc:datafield ind1="0" ind2="0" tag="245">
      <marc:subfield code="a">Das Ungeheuer vom Meeresgrund</marc:subfield>
   </marc:datafield>
   <marc:datafield ind1=" " ind2="1" tag="264">
      <marc:subfield code="b">Loewe Verl.</marc:subfield>
      <marc:subfield code="c">2009</marc:subfield>
   </marc:datafield>
   <marc:datafield ind1="1" ind2=" " tag="490">
      <marc:subfield code="a">Das magische Baumhaus</marc:subfield>
   </marc:datafield>
   <marc:datafield ind1="1" ind2=" " tag="520">
      <marc:subfield code="a">Das magische Baumhaus hat Anne und Philipp ins 19. Jahrhundert an Bord eines riesigen Forschungsschiffes gebracht. Die Wissenschaftler erkunden die Tiefsee und sind auf der Suche nach unbekannten Lebewesen. Fasziniert beobachten die Geschwister das Geschehen an Deck. Doch dann gerät das Schiff in einen Sturm und Anne und Philipp werden von einem schrecklichen Ungeheuer in die Tiefe gezogen ...</marc:subfield>
   </marc:datafield>
   <marc:datafield ind1=" " ind2=" " tag="020">
      <marc:subfield code="a">9783785563229</marc:subfield>
      <marc:subfield code="9">9783785563229</marc:subfield>
   </marc:datafield>
</marc:record>
